Customer Perceptions and Preferences in Luxury Adventure Tourism The Examination of the Son Doong Cave Tour

Bibliográfiai részletek
Szerző: Bui Hong Anh
További közreműködők: Kálmán István
Dokumentumtípus: Diplomadolgozat
Kulcsszavak:adventour tourism
Customer Perception
Luxury package
Son Doong
Vietnam
Online Access:http://dolgozattar.uni-bge.hu/60281

MARC

LEADER 00000nta a2200000 i 4500
001 dolg60281
005 20260409150237.0
008 260409suuuu hu om 000 eng d
040 |a BGE Dolgozattár Repozitórium  |b hun 
041 |a en 
100 1 |a Bui Hong Anh 
245 1 0 |a Customer Perceptions and Preferences in Luxury Adventure Tourism  |b The Examination of the Son Doong Cave Tour  |c Bui Hong Anh  |h [elektronikus dokumentum] 
520 3 |a This research explores customer behavior in the high-end adventure tourism sector in Vietnam, with Oxalis Adventure's Son Doong tour as a specific case. Using a mixed-method research approach, including quantitative surveys and qualitative customer feedback analysis, the thesis addresses three key research questions: the impact of pricing strategies on financial sustainability, the primary driver behind customer demand, and the long-term development strategy for the tour. The findings reveal that customers are willing to pay a premium for products that offer a sense of exclusivity, rare experiences, and emotional value. The value-based pricing model appears to be an effective strategy for the Oxalis company, provided the company maintains the quality of service and the iconic image of the Son Doong tour. While sustainability is valued, it is not the primary driver of consumer behavior. Instead, the uniqueness and personalization of the experience are the key factors. The study recommends that the company continue to maintain the exclusivity of the Son Doong tour while developing short-term or diversified tour products to serve a broader range of customers, thus balancing financial benefits, environmental conservation, and contributions to local communities. Although the study has some limitations in scope and data, the conclusions drawn contribute to shaping the future direction of luxury tourism in Vietnam, where experience, environmental responsibility, and long-term strategy need to be aligned. 
695 |a adventour tourism 
695 |a Customer Perception 
695 |a Luxury package 
695 |a Son Doong 
695 |a Vietnam 
700 1 |a Kálmán István  |e ths 
856 4 0 |u http://dolgozattar.uni-bge.hu/60281/1/Thesis%20BA%20-%20Son%20Doong%20Cave%20Tour%20in%20VN%20-%20Bui%20Hong%20Anh%20-%20HJJLA1.pdf  |z Dokumentum-elérés 
856 4 0 |u http://dolgozattar.uni-bge.hu/60281/2/Bui%20Hong%20Anh%20Bsc%20EN%20Consulent%20Karsai%20%C3%81rp%C3%A1d.pdf  |z Dokumentum-elérés 
856 4 0 |u http://dolgozattar.uni-bge.hu/60281/3/BHA%202025%20BSc%20Assessment%20Sheet.pdf  |z Dokumentum-elérés